000 00883nam a2200229 a 4500
001 56181
003 BD-RjUL
005 20211209080350.0
008 161127s1956 ii ||||| |||| 00| 0 ben d
035 _a(BD-RjUL)56305
040 _aBD-RjUL
_bben
_cBD-RjUL
_dBD-RjUL
041 _aben
082 _223
_a891.442
_bGHG 1956
100 _aঘোষ, গিরিশচন্দ্র
_9119187
245 1 0 _aজনা :
_bপৌরাণিক নাটক /
_cগিরিশচন্দ্র ঘোষ
250 _aঅভিনব সং.
260 _aকলিকাতা :
_bগুরুদাস চট্টোপাধ্যায় এন্ড সন্স,
_c১৯৫৬ (১৩৬৩)
300 _a১৫৪ পৃ. :
_bচিত্র ;
_c১৯ সেমি.
650 _aবাংলা নাটক
_9167154
650 _aBengali Drama
_9167155
942 _2ddc
_cBK
999 _c56181
_d56181